Napĺňajte sa Svätým Duchom

Bibliographic Details
Main Author: Kříž, Jaroslav (Author)
Format: Article
Language:Slovak
ISSN:1336-7331
Subjects:

MARC

LEADER 00000nab a2200000 ar4500
001 vtls008998277
003 SK-MaSNL
005 20260303065837.0
008 070612c2007 xo qr|p|||||||000 b|slo
015 |a SNBRB2007/06 
038 |a SNKBUCL 
040 |a SNKBUCL  |b slo  |e AACR2  |c SNKBUCL 
041 0 |a slo 
044 |a xo  |c SK 
080 |a 231.3  |2 1997 
080 |a 398.332.16  |2 1997 
100 1 |a Kříž, Jaroslav  |4 aut  |9 268607 
245 1 0 |a Napĺňajte sa Svätým Duchom  |c Jaroslav Kříž 
610 2 7 |a Kresťanské spoločenstvo Milosť  |2 snkbucl  |9 1033004 
650 0 7 |a Duch svätý  |2 snkbucl  |9 1927 
650 0 7 |a Turíce  |2 snkbucl  |9 14957 
773 0 |t Logos  |g Roč. IV, č. 6 (2007), s. 5-7  |x 1336-7331 
852 |a SNK  |b KIS3GCP 
958 |a SK 
958 |a NT 
999 |c 1752969  |d 1754899